LDR 00911naa#a2200169#i#450# 001 RU\\bibl\121802 005 20260629203408.1 011 ## _a2073-0454 100 ## _a20260226b2026####ek#y0rusy0150####ca 102 ## _aRU 200 1# _aИнформационно-цифровая эволюция общества и экономической безопасности в статистической оценке _eЖурнальная статья 210 1# _aМосква _cМосковский университет МВД России имени В.Я. Кикотя _d2026 215 ## _a8 с. 608 ## _aЖурнальная статья _2local 675 ## _aДемография. Социология. Статистика. 31 _aЭкономика. Народное хозяйство. Экономические науки. 33 _z 700 #1 _aДианов _gДмитрий Владимирович 856 4# _amosumvd.editorum.ru _u